Úvod do Booleovy algebry a navrhování logických obvodů

Gespeichert in:
Bibliographische Detailangaben
Hauptverfasser: Hoernes, G.E (Verfasst von), Heilweil, M.F (Verfasst von)
Format: Buch
Sprache:Tschechisch
Veröffentlicht: Praha : SNTL, 1969
Ausgabe:1. vyd.
Tags: Tag hinzufügen
Keine Tags, Fügen Sie das erste Tag hinzu!

MARC

LEADER 00000nam a22000003a 4500
001 stu51215
005 20150617225706.1
008 991206s1969----cs------------------cze-d
040 |a STU  |b slo 
041 0 |a cze 
044 |a cs 
080 |a 512.8 
080 |a 621.374.32  |7 stu_us_auth*stu7886 
100 1 |a Hoernes, G.E  |4 aut 
245 1 |a Úvod do Booleovy algebry a navrhování logických obvodů 
250 |a 1. vyd. 
260 |a Praha :  |b SNTL,  |c 1969 
300 |a 322 s 
700 1 |a Heilweil, M.F  |4 aut 
996 |b 284EK01705  |c E*23134  |l EE01  |s A  |a 24  |w stu51215_0001 
996 |b 284EK01706  |c E*23699  |l EE0101  |s P  |a 0  |w stu51215_0002